Métodos de investigación en psicología y educación: cuaderno de prácticas

Αποθηκεύτηκε σε:
Λεπτομέρειες βιβλιογραφικής εγγραφής
Κύριος συγγραφέας: Gambara D'Errico, Hilda (Συγγραφέας)
Μορφή: Βιβλίο
Γλώσσα:Ισπανικά
Έκδοση: Madrid McGraw-Hill 2002
Έκδοση:3a. ed
Θέματα:
Ετικέτες: Προσθήκη ετικέτας
Δεν υπάρχουν, Καταχωρήστε ετικέτα πρώτοι!

MARC

LEADER 00000nam a2200000 a 4500
001 UCL9702
003 CL-VaPUC
008 040820e20020000SP |||||||||||||||||spa|d
020 |a 8448136691 
082 0 4 |a 370.78  |b GAM  |2 21 
100 |a Gambara D'Errico, Hilda  |e author  |9 487625 
245 1 0 |a Métodos de investigación en psicología y educación: cuaderno de prácticas 
250 |a 3a. ed 
300 |a 262 p 
942 |c BK 
945 |d 20040820 00:00:00  |a cmena 
260 |a Madrid  |b McGraw-Hill  |c 2002 
650 0 |a Investigación educacional   |9 261192 
650 7 |a INVESTIGACION PSICOLOGICA  |2 CL-VaPUC  |9 309030 
650 0 |a Métodos de investigación   |9 262618 
650 0 |a Métodos experimentales   |9 310218 
650 7 |a INVESTIGACION APLICADA  |2 CL-VaPUC  |9 336384 
583 |a last modification  |c 20040820 00:00:00  |k Rodrigo Vera 
999 |c 310416  |d 310414 
952 |0 0  |1 0  |4 0  |6 370_780000000000000_GAM_2002  |7 0  |8 A  |9 378806  |a BIBEDU  |b BIBEDU  |c ES_NOD  |d 2019-11-21  |i 4048830  |o 370.78 GAM 2002  |p 4048830  |r 2023-08-09  |w 2019-11-21  |y BK  |k EDU